Hijo de ladrón
Wedi'i Gadw mewn:
| Prif Awdur: | |
|---|---|
| Fformat: | Llyfr |
| Iaith: | Sbaeneg |
| Cyhoeddwyd: |
Barcelona
Bruguera
1980
|
| Cyfres: | Bruguera Libro amigo, 747
|
| Pynciau: | |
| Tagiau: |
Ychwanegu Tag
Dim Tagiau, Byddwch y cyntaf i dagio'r cofnod hwn!
|
MARC
| LEADER | 00000nam a2200000 a 4500 | ||
|---|---|---|---|
| 001 | UCX6441 | ||
| 003 | CL-VaPUC | ||
| 008 | 930615e19800000SP |||||||||||||||||spa|d | ||
| 082 | 0 | 4 | |a Ch863 |b ROJ |2 21 |
| 100 | 0 | |a Rojas, Manuel |e author |9 313776 | |
| 245 | 1 | 0 | |a Hijo de ladrón |
| 300 | |a 282 p | ||
| 942 | |c BK | ||
| 945 | |d 19930615 00:00:00 | ||
| 260 | |a Barcelona |b Bruguera |c 1980 | ||
| 650 | 0 | |a Novelas chilenas |9 265425 | |
| 583 | |a last modification |c 19930615 00:00:00 |k Rodrigo Vera | ||
| 490 | 0 | |a Bruguera Libro amigo, 747 | |
| 999 | |c 226459 |d 226457 | ||
| 952 | |0 0 |1 0 |4 0 |6 CH_863_000000000000000_ROJ_1980 |7 0 |8 A |9 224822 |a BIBEDU |b BIBEDU |d 2019-11-15 |i 2935554 |l 1 |o Ch863 ROJ 1980 |p 2935554 |r 2023-04-24 |s 2023-04-17 |w 2019-11-15 |y BK |k LIT | ||